[Event "17. Obert Int. Sant Marti 2015"]
[Site "Barcelona ESP"]
[Date "2015.07.13"]
[Round "1.24"]
[White "Petrosyan, Tigran S."]
[Black "Dominguez, Laura Lucia"]
[Result "1-0"]
[WhiteElo "2441"]
[BlackElo "2057"]
[PlyCount "49"]
[EventDate "2015.07.13"]
[EventType "swiss"]
[EventRounds "9"]
[EventCountry "ESP"]
[SourceTitle "Ajedrez en Madrid"]
[Source "lmi"]
[SourceDate "2013.07.13"]
[SourceVersion "1"]
[SourceVersionDate "2019.06.24"]
[SourceQuality "1"]

1. Nf3 g6 2. e4 c5 3. d4 cxd4 4. Nxd4 Nc6 5. c4 Bg7 6. Be3 Nf6 7. Nc3 d6 8. Be2
O-O 9. O-O Nxd4 10. Bxd4 Be6 11. f4 Qa5 12. f5 Bd7 13. a3 Rfc8 14. Bxf6 Bxf6
15. Nd5 Qc5+ 16. Kh1 Bxb2 17. Nxe7+ Kg7 18. Nxc8 Bxc8 19. Rb1 Be5 20. Rb3 b6
21. f6+ Kh8 22. Qd2 Be6 23. Qh6 Rg8 24. Rff3 Qd4 25. Qxh7+ 1-0

[Event "17. Obert Int. Sant Marti 2015"]
[Site "Barcelona ESP"]
[Date "2015.07.13"]
[Round "1.25"]
[White "Lopez Perdomo, Juan David"]
[Black "Gonzalez Perez, Arian"]
[Result "0-1"]
[WhiteElo "2056"]
[BlackElo "2440"]
[PlyCount "64"]
[EventDate "2015.07.13"]
[EventType "swiss"]
[EventRounds "9"]
[EventCountry "ESP"]
[SourceTitle "Ajedrez en Madrid"]
[Source "lmi"]
[SourceDate "2013.07.13"]
[SourceVersion "1"]
[SourceVersionDate "2019.06.24"]
[SourceQuality "1"]

1. d4 d5 2. e3 Nf6 3. Nf3 c6 4. c3 Bf5 5. Ne5 h6 6. g4 Bh7 7. h4 Nfd7 8. Nd3 e6
9. Nf4 e5 10. Ng2 Bd6 11. Nd2 Qe7 12. Be2 O-O 13. dxe5 Nxe5 14. f4 Nd3+ 15. Kf1
Nd7 16. Nf3 Nxc1 17. Rxc1 Nc5 18. Rh3 Be4 19. b4 Nd7 20. Nd2 Bh7 21. g5 Bf5 22.
Bg4 Qe6 23. Rg3 Bxg4 24. Rxg4 a5 25. Qf3 f5 26. Rg3 axb4 27. gxh6 Qxh6 28. h5
bxc3 29. Rg6 cxd2 30. Rd1 Qh7 31. Rxd6 Nf6 32. Rxd2 Ne4 0-1

[Event "17. Obert Int. Sant Marti 2015"]
[Site "Barcelona ESP"]
[Date "2015.07.13"]
[Round "1.26"]
[White "Rios, Cristhian Camilo"]
[Black "Garnier, Teddy"]
[Result "1/2-1/2"]
[WhiteElo "2435"]
[BlackElo "2055"]
[PlyCount "62"]
[EventDate "2015.07.13"]
[EventType "swiss"]
[EventRounds "9"]
[EventCountry "ESP"]
[SourceTitle "Ajedrez en Madrid"]
[Source "lmi"]
[SourceDate "2013.07.13"]
[SourceVersion "1"]
[SourceVersionDate "2019.06.24"]
[SourceQuality "1"]

1. d4 Nf6 2. c4 e6 3. Nc3 Bb4 4. Nf3 b6 5. Qb3 c5 6. Bg5 Bb7 7. O-O-O Bxc3 8.
Qxc3 Ne4 9. Bxd8 Nxc3 10. bxc3 Kxd8 11. d5 Ke7 12. e4 f6 13. h4 e5 14. h5 d6
15. Nh4 Bc8 16. g3 Kf7 17. Bh3 Bxh3 18. Rxh3 g6 19. hxg6+ hxg6 20. Rdh1 Nd7 21.
g4 Rag8 22. Kd2 Rg7 23. Nf3 Rxh3 24. Rxh3 g5 25. Ne1 Nf8 26. Nc2 Rh7 27. Rxh7+
Nxh7 28. Ne3 Ke7 29. Nf5+ Kd7 30. Ng7 Nf8 31. Nh5 Ke7 1/2-1/2

[Event "17. Obert Int. Sant Marti 2015"]
[Site "Barcelona ESP"]
[Date "2015.07.13"]
[Round "1.27"]
[White "Heinrici, Simon"]
[Black "Froewis, Georg"]
[Result "0-1"]
[WhiteElo "2046"]
[BlackElo "2434"]
[PlyCount "96"]
[EventDate "2015.07.13"]
[EventType "swiss"]
[EventRounds "9"]
[EventCountry "ESP"]
[SourceTitle "Ajedrez en Madrid"]
[Source "lmi"]
[SourceDate "2013.07.13"]
[SourceVersion "1"]
[SourceVersionDate "2019.06.24"]
[SourceQuality "1"]

1. e4 c5 2. Nf3 Nc6 3. d4 cxd4 4. Nxd4 Nf6 5. Nc3 d6 6. Bc4 g6 7. Nxc6 bxc6 8.
e5 Ng4 9. e6 f5 10. h3 Nf6 11. Qe2 Bg7 12. g4 d5 13. gxf5 dxc4 14. Qxc4 O-O 15.
fxg6 Qd6 16. gxh7+ Kh8 17. Be3 Bxe6 18. Qh4 Rab8 19. Rg1 Rf7 20. Rd1 Nd5 21.
Bd4 Qf4 22. Qxf4 Nxf4 23. Rxg7 Rxg7 24. b3 Kxh7 25. Bxg7 Kxg7 26. Rd4 Nxh3 27.
Ra4 Rb7 28. Ne4 Bc8 29. Ra5 Nf4 30. c4 Rd7 31. Nc5 Rc7 32. Ne4 Ne6 33. Re5 Nd4
34. Rg5+ Kf7 35. Rg3 Bf5 36. Nc5 Rc8 37. Nd3 Bxd3 38. Rxd3 c5 39. Rh3 Rd8 40.
Rh7+ Ke6 41. Rh6+ Ke5 42. Ra6 Rd7 43. Ra5 Rc7 44. Ra6 Nc6 45. Kd2 Kd6 46. Kc3
Rb7 47. Ra4 a5 48. a3 Rb8 0-1

[Event "17. Obert Int. Sant Marti 2015"]
[Site "Barcelona ESP"]
[Date "2015.07.13"]
[Round "1.28"]
[White "Sundararajan, Kidambi"]
[Black "Guix Torres, David"]
[Result "1-0"]
[WhiteElo "2433"]
[BlackElo "2036"]
[PlyCount "101"]
[EventDate "2015.07.13"]
[EventType "swiss"]
[EventRounds "9"]
[EventCountry "ESP"]
[SourceTitle "Ajedrez en Madrid"]
[Source "lmi"]
[SourceDate "2013.07.13"]
[SourceVersion "1"]
[SourceVersionDate "2019.06.24"]
[SourceQuality "1"]

1. Nf3 Nf6 2. c4 c5 3. Nc3 Nc6 4. e3 g6 5. d4 cxd4 6. exd4 d5 7. cxd5 Nxd5 8.
Qb3 e6 9. Bb5 Bg7 10. Bg5 Qa5 11. O-O O-O 12. Nxd5 exd5 13. Bxc6 bxc6 14. Rfc1
Qb5 15. Qc3 Be6 16. Be7 Rfe8 17. Bd6 Bh6 18. Re1 f6 19. b3 Qb7 20. h3 Bf7 21.
Nh2 Qd7 22. Ng4 Qxd6 23. Nxh6+ Kg7 24. Ng4 Rxe1+ 25. Rxe1 h5 26. Ne3 a5 27. Rc1
Be8 28. Qd2 Qb4 29. Rc3 Bd7 30. Nc2 Qd6 31. Rc5 Qc7 32. Qe1 Qd8 33. Rc3 Kf7 34.
Qd2 Kg7 35. Ne1 Bf5 36. Rxc6 Qd7 37. Qc3 Ra7 38. Nf3 Be4 39. Nd2 Bf5 40. Nf1
Bb1 41. a3 Rb7 42. Rc5 Ba2 43. Nd2 Qf5 44. Qxa5 Qd3 45. Qc3 Qe2 46. Rc7+ Rxc7
47. Qxc7+ Kh6 48. Qc2 Bxb3 49. Qxb3 Qxd2 50. Qe3+ Qxe3 51. fxe3 1-0

[Event "17. Obert Int. Sant Marti 2015"]
[Site "Barcelona ESP"]
[Date "2015.07.13"]
[Round "1.29"]
[White "Uzumcu, Ahmet Utku"]
[Black "Munoz Pantoja, Miguel"]
[Result "0-1"]
[WhiteElo "2032"]
[BlackElo "2430"]
[PlyCount "72"]
[EventDate "2015.07.13"]
[EventType "swiss"]
[EventRounds "9"]
[EventCountry "ESP"]
[SourceTitle "Ajedrez en Madrid"]
[Source "lmi"]
[SourceDate "2013.07.13"]
[SourceVersion "1"]
[SourceVersionDate "2019.06.24"]
[SourceQuality "1"]

1. e4 d5 2. exd5 Qxd5 3. Nc3 Qa5 4. d4 Nf6 5. Bc4 Nc6 6. Nge2 Bg4 7. f3 Be6 8.
Bb5 O-O-O 9. O-O Bf5 10. Bxc6 bxc6 11. Bd2 e5 12. b4 Bxb4 13. a3 Bxc3 14. Bxc3
Qa4 15. Qb1 exd4 16. Nxd4 Rxd4 17. Bxd4 Qxd4+ 18. Kh1 Qc3 19. Ra2 Nd5 20. Rb2
Nb6 21. a4 Qa5 22. Qc1 Be6 23. Rb1 Rd8 24. Rd1 Rd6 25. Qf4 Qxa4 26. Qxa4 Nxa4
27. Rxd6 cxd6 28. Ra1 Nc3 29. Rxa7 Nb5 30. Ra1 Nd4 31. f4 Nxc2 32. Ra8+ Kb7 33.
Rh8 d5 34. Rxh7 d4 35. Rxg7 d3 36. Rg3 Bc4 0-1

[Event "17. Obert Int. Sant Marti 2015"]
[Site "Barcelona ESP"]
[Date "2015.07.13"]
[Round "1.30"]
[White "Vassallo Barroche, Mauricio"]
[Black "Marchador Villalba, Jordi"]
[Result "1-0"]
[WhiteElo "2430"]
[BlackElo "2026"]
[PlyCount "55"]
[EventDate "2015.07.13"]
[EventType "swiss"]
[EventRounds "9"]
[EventCountry "ESP"]
[SourceTitle "Ajedrez en Madrid"]
[Source "lmi"]
[SourceDate "2013.07.13"]
[SourceVersion "1"]
[SourceVersionDate "2019.06.24"]
[SourceQuality "1"]

1. d4 Nf6 2. c4 e6 3. Nf3 c5 4. g3 cxd4 5. Nxd4 a6 6. Bg2 Qc7 7. b3 Nc6 8. O-O
Be7 9. Nc3 O-O 10. Bb2 d6 11. Rc1 Nxd4 12. Qxd4 Bd7 13. Rfd1 Rad8 14. h3 Qb8
15. Qb6 Bc8 16. Ba3 Rd7 17. Rc2 Rfd8 18. Rcd2 Bf8 19. e4 e5 20. Bb4 g6 21. Ba5
Re8 22. c5 Qa8 23. cxd6 Re6 24. Na4 Ne8 25. Nc5 Rdxd6 26. Rxd6 Rxd6 27. Rxd6
Bxd6 28. Qd8 1-0

[Event "17. Obert Int. Sant Marti 2015"]
[Site "Barcelona ESP"]
[Date "2015.07.13"]
[Round "1.31"]
[White "Costa Trave, Jaume"]
[Black "Stella, Andrea"]
[Result "0-1"]
[WhiteElo "2022"]
[BlackElo "2427"]
[PlyCount "156"]
[EventDate "2015.07.13"]
[EventType "swiss"]
[EventRounds "9"]
[EventCountry "ESP"]
[SourceTitle "Ajedrez en Madrid"]
[Source "lmi"]
[SourceDate "2013.07.13"]
[SourceVersion "1"]
[SourceVersionDate "2019.06.24"]
[SourceQuality "1"]

1. f4 Nf6 2. Nf3 c5 3. e3 g6 4. d4 Bg7 5. c3 O-O 6. Bd3 d6 7. O-O Nc6 8. Nbd2
e5 9. dxe5 dxe5 10. Ne4 Qe7 11. Nxf6+ Bxf6 12. Be4 exf4 13. Bxc6 bxc6 14. exf4
Bg4 15. Qc2 Rfe8 16. Bd2 c4 17. Rae1 Qc5+ 18. Kh1 Rxe1 19. Bxe1 Re8 20. Bg3 Bf5
21. Qf2 Qxf2 22. Rxf2 h5 23. h3 Re3 24. Kh2 Bb1 25. a3 Be4 26. Ng5 Bd5 27. Rd2
a5 28. a4 Be7 29. h4 Bd6 30. Nf3 Rd3 31. Rf2 Bc5 32. Re2 Re3 33. Rd2 Rd3 34.
Re2 Bxf3 35. gxf3 Be3 36. f5 gxf5 37. Bc7 f4 38. Bxa5 Rd7 39. Bb4 c5 40. Ba3 f6
41. Rg2+ Kf7 42. Re2 Ra7 43. Kg2 Rxa4 44. Kh2 Ra8 45. Kg2 Rg8+ 46. Kh2 Rc8 47.
Kg2 Rc7 48. Kh2 Rb7 49. Kg2 Ra7 50. Kh2 Re7 51. Kg2 Re6 52. Kh3 Re5 53. Kh2 Re8
54. Kh3 Rg8 55. Kh2 Bg1+ 56. Kh1 Rg6 57. Rg2 Rxg2 58. Kxg2 Be3 59. Kf1 Ke6 60.
Ke2 Kd5 61. Kf1 Kc6 62. Ke2 Kb6 63. Kf1 Ka5 64. Ke2 Ka4 65. Ke1 Kb3 66. Kd1 Bf2
67. Ke2 Bxh4 68. Bxc5 Kxb2 69. Bd4 f5 70. Be5 Bg3 71. Kf1 Kc2 72. Bd4 Kd3 73.
Be5 h4 74. Bd4 h3 75. Be5 Ke3 76. Kg1 Kxf3 77. Kh1 Ke2 78. Kg1 f3 0-1

[Event "17. Obert Int. Sant Marti 2015"]
[Site "Barcelona ESP"]
[Date "2015.07.13"]
[Round "1.32"]
[White "Erdogdu, Mert"]
[Black "Segarra Calderer, Albert"]
[Result "1/2-1/2"]
[WhiteElo "2426"]
[BlackElo "2014"]
[PlyCount "158"]
[EventDate "2015.07.13"]
[EventType "swiss"]
[EventRounds "9"]
[EventCountry "ESP"]
[SourceTitle "Ajedrez en Madrid"]
[Source "lmi"]
[SourceDate "2013.07.13"]
[SourceVersion "1"]
[SourceVersionDate "2019.06.24"]
[SourceQuality "1"]

1. c4 e5 2. Nc3 Nf6 3. Nf3 Nc6 4. g3 g6 5. Bg2 Bg7 6. O-O O-O 7. d3 d6 8. Rb1
h6 9. b4 Kh7 10. b5 Ne7 11. Bb2 Rb8 12. Ne1 Ne8 13. Nc2 f5 14. d4 Nf6 15. dxe5
dxe5 16. Ba3 Qxd1 17. Rfxd1 Re8 18. Bc5 Be6 19. Bxa7 Ra8 20. Bc5 e4 21. Ne3 Ng4
22. Ncd5 Nxe3 23. Bxe3 Bxd5 24. cxd5 Rxa2 25. b6 c6 26. dxc6 Nxc6 27. Rd7 Re7
28. Rbd1 Ra1 29. Bf1 Rxd1 30. Rxd1 Ne5 31. Rc1 Nc6 32. Rd1 Ne5 33. Rd8 Rd7 34.
Rc8 Nc6 35. Bc5 Be5 36. e3 Rd8 37. Rxd8 Nxd8 38. Bc4 Kg7 39. Bd5 Kf6 40. f3
exf3 41. Bxf3 Ke6 42. g4 Bd6 43. gxf5+ gxf5 44. Bd4 Be5 45. h4 Bxd4 46. exd4
Kd6 47. Kf2 f4 48. Ke2 Nc6 49. Kd3 Na5 50. h5 Ke6 51. Kc3 Kd6 52. Bg2 Nc6 53.
Kd3 Nb4+ 54. Kc4 Nc6 55. Kc3 Na5 56. Kd3 Ke6 57. Ke4 Nc4 58. Kxf4 Nxb6 59. Bxb7
Nc4 60. Be4 Nd6 61. Bd3 Kd5 62. Ke3 Ke6 63. Kd2 Ne8 64. Kc3 Nf6 65. Bg6 Kd6 66.
Kd3 Ke6 67. Kc3 Kd6 68. Kc4 Kc6 69. Bf7 Kd6 70. Kd3 Kd7 71. Bg6 Kd6 72. Ke3 Ke7
73. Kf3 Kd6 74. Ke3 Ke7 75. Kd3 Kd6 76. Kc4 Kc6 77. Bf7 Kd6 78. Kb5 Nxh5 79.
Bxh5 Kd5 1/2-1/2

[Event "17. Obert Int. Sant Marti 2015"]
[Site "Barcelona ESP"]
[Date "2015.07.13"]
[Round "1.33"]
[White "Ofstad, Sigurd"]
[Black "Gagare, Shardul"]
[Result "0-1"]
[WhiteElo "2014"]
[BlackElo "2425"]
[PlyCount "72"]
[EventDate "2015.07.13"]
[EventType "swiss"]
[EventRounds "9"]
[EventCountry "ESP"]
[SourceTitle "Ajedrez en Madrid"]
[Source "lmi"]
[SourceDate "2013.07.13"]
[SourceVersion "1"]
[SourceVersionDate "2019.06.24"]
[SourceQuality "1"]

1. f4 d5 2. Nf3 g6 3. g3 Bg7 4. Bg2 Nh6 5. d3 d4 6. O-O O-O 7. c3 c5 8. e4 dxe3
9. Bxe3 Qc7 10. Na3 Nd7 11. Re1 Rb8 12. Ne5 a6 13. Nac4 Nf6 14. a4 Be6 15. Qe2
Bd5 16. a5 Nf5 17. Qf2 Bxg2 18. Kxg2 Nxe3+ 19. Qxe3 e6 20. Nb6 Rfe8 21. Qf2
Rbd8 22. Rad1 h5 23. h3 Nd5 24. Nbc4 Kh7 25. Re2 Bh6 26. h4 Rf8 27. Nf3 Qc6 28.
Nce5 Qa4 29. Rde1 Qxa5 30. Nd2 Qc7 31. Ne4 f6 32. Nxc5 fxe5 33. Nxe6 Nxf4+ 34.
Nxf4 Qc6+ 35. Kg1 exf4 36. Re6 Rd6 0-1

[Event "17. Obert Int. Sant Marti 2015"]
[Site "Barcelona ESP"]
[Date "2015.07.13"]
[Round "1.34"]
[White "Codenotti, Marco"]
[Black "Severri Arrese, Carlos"]
[Result "1-0"]
[WhiteElo "2421"]
[BlackElo "1983"]
[PlyCount "67"]
[EventDate "2015.07.13"]
[EventType "swiss"]
[EventRounds "9"]
[EventCountry "ESP"]
[SourceTitle "Ajedrez en Madrid"]
[Source "lmi"]
[SourceDate "2013.07.13"]
[SourceVersion "1"]
[SourceVersionDate "2019.06.24"]
[SourceQuality "1"]

1. e4 c6 2. d4 d5 3. Nd2 dxe4 4. Nxe4 Bf5 5. Ng3 Bg6 6. h4 h6 7. Nf3 Nd7 8. h5
Bh7 9. Bd3 Bxd3 10. Qxd3 e6 11. Bd2 Ngf6 12. O-O-O Be7 13. Qe2 Nb6 14. c4 O-O
15. Ne5 a5 16. Bc3 Na4 17. Be1 Bb4 18. Ne4 Bxe1 19. Rhxe1 Nxe4 20. Qxe4 Nb6 21.
f4 Nd7 22. g4 Nf6 23. Qf3 Nh7 24. Kb1 Qe7 25. d5 cxd5 26. cxd5 Rad8 27. dxe6
Rxd1+ 28. Qxd1 fxe6 29. Ng6 Qf6 30. Nxf8 Nxf8 31. Qb3 Qxf4 32. Qxb7 Qxg4 33.
Rf1 Qxh5 34. Qc8 1-0

[Event "17. Obert Int. Sant Marti 2015"]
[Site "Barcelona ESP"]
[Date "2015.07.13"]
[Round "1.36"]
[White "Akbarinia, Sayed Arash"]
[Black "Dahale, Atul"]
[Result "1-0"]
[WhiteElo "2413"]
[BlackElo "1969"]
[PlyCount "83"]
[EventDate "2015.07.13"]
[EventType "swiss"]
[EventRounds "9"]
[EventCountry "ESP"]
[SourceTitle "Ajedrez en Madrid"]
[Source "lmi"]
[SourceDate "2013.07.13"]
[SourceVersion "1"]
[SourceVersionDate "2019.06.24"]
[SourceQuality "1"]

1. Nf3 Nf6 2. c4 e6 3. g3 b6 4. Bg2 Bb7 5. O-O Be7 6. b3 c5 7. d4 O-O 8. Bb2 d6
9. Nc3 Nbd7 10. Re1 a6 11. e4 cxd4 12. Nxd4 Qc7 13. Rc1 Rac8 14. g4 g6 15. h3
Rfe8 16. Nde2 e5 17. Ng3 Nc5 18. Qd2 Ne6 19. Nd5 Qd8 20. Nxe7+ Qxe7 21. Rcd1
Red8 22. Qb4 Qc7 23. Bc1 a5 24. Qd2 a4 25. Qh6 Ne8 26. h4 axb3 27. axb3 Ra8 28.
h5 Bc6 29. f4 exf4 30. Ne2 Nf6 31. Nxf4 Nxg4 32. Nxe6 fxe6 33. Qg5 Ne5 34. Rf1
Re8 35. Bb2 Re7 36. Rf6 Ra5 37. Qg3 Be8 38. Bh3 Bf7 39. Bd4 Nd7 40. hxg6 Nxf6
41. gxf7+ Kxf7 42. Bxf6 1-0

[Event "17. Obert Int. Sant Marti 2015"]
[Site "Barcelona ESP"]
[Date "2015.07.13"]
[Round "1.37"]
[White "Pettersen, Joar Gullestad"]
[Black "Alarcon Casellas, Rolando"]
[Result "0-1"]
[WhiteElo "1968"]
[BlackElo "2411"]
[PlyCount "54"]
[EventDate "2015.07.13"]
[EventType "swiss"]
[EventRounds "9"]
[EventCountry "ESP"]
[SourceTitle "Ajedrez en Madrid"]
[Source "lmi"]
[SourceDate "2013.07.13"]
[SourceVersion "1"]
[SourceVersionDate "2019.06.24"]
[SourceQuality "1"]

1. Nf3 Nf6 2. c4 c5 3. e3 g6 4. d4 Bg7 5. Nc3 cxd4 6. exd4 O-O 7. Be2 d5 8. O-O
Nc6 9. h3 dxc4 10. Bxc4 Bf5 11. a3 Ne4 12. Re1 Nxc3 13. bxc3 Rc8 14. Bg5 h6 15.
Bd2 Nxd4 16. Bxf7+ Rxf7 17. cxd4 Qd5 18. Ne5 Bxe5 19. dxe5 g5 20. Be3 Qe6 21.
Rc1 Rcf8 22. Qh5 Kh7 23. Bxg5 Rg7 24. f4 Bxh3 25. gxh3 Rxf4 26. h4 Rg4+ 27. Kh2
Qa2+ 0-1

[Event "17. Obert Int. Sant Marti 2015"]
[Site "Barcelona ESP"]
[Date "2015.07.13"]
[Round "1.38"]
[White "Cruz, Filemon"]
[Black "Alfara Ayllon, Jose Luis"]
[Result "1-0"]
[WhiteElo "2402"]
[BlackElo "1964"]
[PlyCount "51"]
[EventDate "2015.07.13"]
[EventType "swiss"]
[EventRounds "9"]
[EventCountry "ESP"]
[SourceTitle "Ajedrez en Madrid"]
[Source "lmi"]
[SourceDate "2013.07.13"]
[SourceVersion "1"]
[SourceVersionDate "2019.06.24"]
[SourceQuality "1"]

1. c4 e5 2. a3 a5 3. Nc3 Nc6 4. g3 g6 5. Bg2 Bg7 6. d3 d6 7. Nf3 f5 8. O-O Nf6
9. Rb1 O-O 10. b4 axb4 11. axb4 h6 12. b5 Ne7 13. Ne1 g5 14. Nc2 Rb8 15. Nb4
Be6 16. Ncd5 c5 17. bxc6 Bxd5 18. cxd5 e4 19. dxe4 Nxe4 20. Bxe4 fxe4 21. Qc2
bxc6 22. dxc6 Qe8 23. Be3 d5 24. Bc5 Rf5 25. Bxe7 Qxe7 26. Nxd5 1-0

[Event "17. Obert Int. Sant Marti 2015"]
[Site "Barcelona ESP"]
[Date "2015.07.13"]
[Round "1.39"]
[White "Franch Guiral, Ramon"]
[Black "Perpinya Rofes, Lluis Maria"]
[Result "0-1"]
[WhiteElo "1964"]
[BlackElo "2398"]
[PlyCount "116"]
[EventDate "2015.07.13"]
[EventType "swiss"]
[EventRounds "9"]
[EventCountry "ESP"]
[SourceTitle "Ajedrez en Madrid"]
[Source "lmi"]
[SourceDate "2013.07.13"]
[SourceVersion "1"]
[SourceVersionDate "2019.06.24"]
[SourceQuality "1"]

1. e4 d6 2. Nc3 g6 3. Bc4 Bg7 4. Nge2 Nf6 5. d3 c6 6. a4 d5 7. exd5 cxd5 8.
Bb5+ Nc6 9. d4 O-O 10. Bxc6 bxc6 11. O-O Re8 12. Bf4 Nh5 13. Bg3 Nxg3 14. hxg3
Rb8 15. Rb1 Qd6 16. Qd2 Ba6 17. Rfd1 e6 18. Na2 c5 19. dxc5 Qxc5 20. b4 Qc4 21.
Nec1 Rec8 22. Nb3 Qxc2 23. b5 Bb7 24. Qxc2 Rxc2 25. Nb4 Rc4 26. Na5 Rxb4 27.
Rxb4 Bc3 28. Rdb1 Bxb4 29. Rxb4 Ba8 30. f4 Kf8 31. Kf2 Ke7 32. Ke3 Kd6 33. Kd4
f6 34. Rb2 e5+ 35. Kd3 d4 36. Nc4+ Kd5 37. fxe5 fxe5 38. Re2 Re8 39. Nd2 Kc5
40. Nb3+ Kb4 41. Nxd4 e4+ 42. Ke3 Rc8 43. Ra2 Bd5 44. Nc6+ Kb3 45. Ra1 Bxc6 46.
bxc6 Rxc6 47. Kxe4 Rc4+ 48. Kf3 a5 49. g4 Kb2 50. Rh1 Rxa4 51. Rxh7 Rb4 52. Ra7
a4 53. Ra6 a3 54. Rxg6 a2 55. Ra6 Rb3+ 56. Ke4 Ra3 57. Rb6+ Kc2 58. Rc6+ Kd2
0-1

[Event "17. Obert Int. Sant Marti 2015"]
[Site "Barcelona ESP"]
[Date "2015.07.13"]
[Round "1.40"]
[White "Valdes Romero, Leonardo"]
[Black "Cervello I Tost, Roger"]
[Result "1-0"]
[WhiteElo "2396"]
[BlackElo "1960"]
[PlyCount "69"]
[EventDate "2015.07.13"]
[EventType "swiss"]
[EventRounds "9"]
[EventCountry "ESP"]
[SourceTitle "Ajedrez en Madrid"]
[Source "lmi"]
[SourceDate "2013.07.13"]
[SourceVersion "1"]
[SourceVersionDate "2019.06.24"]
[SourceQuality "1"]

1. Nf3 d5 2. g3 Nf6 3. Bg2 e6 4. O-O Nbd7 5. b3 Bd6 6. Bb2 Qe7 7. c4 c6 8. d4
dxc4 9. bxc4 e5 10. e3 O-O 11. Qc2 Re8 12. Rd1 e4 13. Nfd2 Nf8 14. Nc3 Bf5 15.
Rab1 h5 16. c5 Bc7 17. Ba3 Rab8 18. Nc4 Bg4 19. Rd2 Qe6 20. Nd6 Bxd6 21. cxd6
N8h7 22. h4 g5 23. d5 cxd5 24. Nb5 Rec8 25. Nc7 Qf5 26. Qb3 gxh4 27. Nxd5 Nxd5
28. Qxd5 Qxd5 29. Rxd5 Nf6 30. Rg5+ Kh7 31. Bb2 Ne8 32. Bxe4+ Kh6 33. gxh4 Rd8
34. Be5 Rxd6 35. Bf4 1-0

[Event "17. Obert Int. Sant Marti 2015"]
[Site "Barcelona ESP"]
[Date "2015.07.13"]
[Round "1.41"]
[White "Supriya, Joshi"]
[Black "Satyapragyan, Swayangsu"]
[Result "0-1"]
[WhiteElo "1953"]
[BlackElo "2392"]
[PlyCount "70"]
[EventDate "2015.07.13"]
[EventType "swiss"]
[EventRounds "9"]
[EventCountry "ESP"]
[SourceTitle "Ajedrez en Madrid"]
[Source "lmi"]
[SourceDate "2013.07.13"]
[SourceVersion "1"]
[SourceVersionDate "2019.06.24"]
[SourceQuality "1"]

1. e4 c5 2. Nf3 e6 3. d4 cxd4 4. Nxd4 a6 5. Nc3 Qc7 6. Bd3 b5 7. O-O Bb7 8. Be3
Nf6 9. a3 d6 10. f4 Nbd7 11. Nb3 Be7 12. Qf3 O-O 13. g4 h6 14. Bd4 e5 15. fxe5
Nxe5 16. Bxe5 dxe5 17. h4 Rad8 18. Nd1 Qb6+ 19. Ne3 Nxg4 20. Qxg4 Qxe3+ 21. Kh2
Bc8 22. Qg3 Qxg3+ 23. Kxg3 h5 24. a4 b4 25. Nd2 Rd6 26. Rh1 Rg6+ 27. Kf2 Rg4
28. Nc4 f5 29. Nxe5 fxe4+ 30. Ke1 exd3 31. Nxg4 Bxg4 32. cxd3 Bf6 33. Rh2 Be5
34. Rc2 Bg3+ 35. Kd2 Rf2+ 0-1

[Event "17. Obert Int. Sant Marti 2015"]
[Site "Barcelona ESP"]
[Date "2015.07.13"]
[Round "1.42"]
[White "Mosquera, Miguel"]
[Black "Feldman, Antony"]
[Result "1-0"]
[WhiteElo "2375"]
[BlackElo "1950"]
[PlyCount "63"]
[EventDate "2015.07.13"]
[EventType "swiss"]
[EventRounds "9"]
[EventCountry "ESP"]
[SourceTitle "Ajedrez en Madrid"]
[Source "lmi"]
[SourceDate "2013.07.13"]
[SourceVersion "1"]
[SourceVersionDate "2019.06.24"]
[SourceQuality "1"]

1. Nf3 e6 2. c4 f5 3. Nc3 Nf6 4. g3 b6 5. Bg2 Bb7 6. O-O Bb4 7. Qb3 Be7 8. d4
O-O 9. d5 Na6 10. Rd1 Nc5 11. Qc2 Qc8 12. Bf4 Nce4 13. Nd4 Nxc3 14. Qxc3 Nh5
15. Bxc7 Qxc7 16. d6 Bxd6 17. Nb5 Qc5 18. Bxb7 Be5 19. Qd2 Rad8 20. Rac1 Bb8
21. b4 Qe7 22. c5 bxc5 23. bxc5 f4 24. Bf3 fxg3 25. hxg3 Nxg3 26. fxg3 Bxg3 27.
Rc4 Rf4 28. Rxf4 Qxc5+ 29. Rd4 e5 30. Qg5 Rb8 31. Kg2 Rxb5 32. Bd5+ 1-0

[Event "17. Obert Int. Sant Marti 2015"]
[Site "Barcelona ESP"]
[Date "2015.07.13"]
[Round "1.43"]
[White "Rojas Fernandez, Andres"]
[Black "Kessler, Luca"]
[Result "0-1"]
[WhiteElo "1946"]
[BlackElo "2364"]
[PlyCount "124"]
[EventDate "2015.07.13"]
[EventType "swiss"]
[EventRounds "9"]
[EventCountry "ESP"]
[SourceTitle "Ajedrez en Madrid"]
[Source "lmi"]
[SourceDate "2013.07.13"]
[SourceVersion "1"]
[SourceVersionDate "2019.06.24"]
[SourceQuality "1"]

1. e4 c6 2. d4 d5 3. Nc3 dxe4 4. Nxe4 Bf5 5. Ng3 Bg6 6. Nf3 Nd7 7. h4 h6 8. h5
Bh7 9. Bd3 Bxd3 10. Qxd3 e6 11. Bd2 Ngf6 12. O-O-O Be7 13. Qe2 O-O 14. Ne5 c5
15. Nxd7 Qxd7 16. dxc5 Qc6 17. f3 Rfc8 18. Ne4 Nxe4 19. Qxe4 Qxe4 20. fxe4 Rxc5
21. Be3 Bg5 22. Bxg5 Rxg5 23. Rd7 b5 24. Rf1 f6 25. Rfd1 Rxh5 26. Re7 Rg5 27.
Rd2 e5 28. c3 a6 29. Kc2 Rg4 30. Re2 Rc8 31. Re6 a5 32. Rd6 Rc5 33. Kd3 Rg3+
34. Kd2 Kf7 35. Rd3 Rg4 36. Ke3 Rc4 37. Kf3 Rf4+ 38. Kg3 Rcxe4 39. Rxe4 Rxe4
40. Rd5 b4 41. Rxa5 bxc3 42. bxc3 Re3+ 43. Kf2 Rxc3 44. Ra7+ Kg6 45. a4 Ra3 46.
a5 Kf5 47. Rxg7 Rxa5 48. Rh7 Kg6 49. Rh8 Ra3 50. Rg8+ Kf7 51. Rh8 Kg7 52. Re8
h5 53. Re7+ Kg6 54. Re8 h4 55. Rg8+ Kf5 56. Rh8 Kg4 57. Rg8+ Kf4 58. Rh8 h3 59.
gxh3 Ra2+ 60. Ke1 f5 61. h4 Ke3 62. Kf1 f4 0-1

[Event "17. Obert Int. Sant Marti 2015"]
[Site "Barcelona ESP"]
[Date "2015.07.13"]
[Round "1.44"]
[White "Konguvel, Ponnuswamy"]
[Black "Bernat, Ernest"]
[Result "1-0"]
[WhiteElo "2337"]
[BlackElo "1943"]
[PlyCount "61"]
[EventDate "2015.07.13"]
[EventType "swiss"]
[EventRounds "9"]
[EventCountry "ESP"]
[SourceTitle "Ajedrez en Madrid"]
[Source "lmi"]
[SourceDate "2013.07.13"]
[SourceVersion "1"]
[SourceVersionDate "2019.06.24"]
[SourceQuality "1"]

1. e4 e5 2. Nf3 Nc6 3. d4 exd4 4. Nxd4 d6 5. Nc3 Nf6 6. Bf4 Bd7 7. f3 Be7 8.
Nxc6 Bxc6 9. Qd2 O-O 10. O-O-O Nd7 11. Kb1 Bf6 12. g4 a6 13. h4 Be5 14. Bg5 Qe8
15. Nd5 Bxd5 16. exd5 Bf6 17. Bf4 Qc8 18. g5 Be7 19. Bh3 Qd8 20. h5 Re8 21. g6
Nf8 22. Rdg1 Bf6 23. Bf5 Re7 24. Rg2 Qe8 25. Bg5 Bxg5 26. Rxg5 h6 27. Rgg1 Re2
28. gxf7+ Kxf7 29. Be6+ Rxe6 30. dxe6+ Qxe6 31. Qc3 1-0